[Event "QA-ANNIV-07"]
[Site "http://www.queenalice.com/game.php?id=950720"]
[Date "2011.6.16"]
[Round "1"]
[White "esatni"]
[Black "lrmaster"]
[Result "0-1"]
[WhiteElo "1477"]
[BlackElo "2169"]

1. e4 e5 2. Bc4 Nf6 3. d3 h6 4. Qf3 a6 5. g4 d6 6. g5 hxg5 7. Bxg5 Be7 8. Nc3
O-O 9. Nd5 Nxd5 10. h4 Nf6 11. Ne2 Nc6 12. c3 Na5 13. h5 Nxc4 14. dxc4 Bg4 15.
Qg3 Bxe2 16. Kxe2 Nxe4 17. Qg2 Nxg5 18. h6 g6 19. Qxb7 Ne6 20. Rag1 Kh7 21. Qe4
Nf4+ 22. Kf1 Rb8 23. Rg4 f5 24. Qf3 fxg4 25. Qxg4 Rxb2 26. f3 Rb1+ 27. Kf2 Rxh1
28. c5 dxc5 0-1

[Event "AUTO-OPEN-2393"]
[Site "http://www.queenalice.com/game.php?id=951616"]
[Date "2011.6.19"]
[Round "1"]
[White "esatni"]
[Black "Xeque"]
[Result "0-1"]
[WhiteElo "1494"]
[BlackElo "2011"]

1. e4 c5 2. Bc4 e6 3. Qf3 d6 4. Ne2 Nf6 5. d4 cxd4 6. Bg5 Be7 7. Nxd4 O-O 8. Bd3
Nbd7 9. Bxf6 Bxf6 10. e5 Nxe5 11. Qh3 Nxd3+ 12. cxd3 Bxd4 13. Nd2 Bxb2 14. Rb1
Bc3 15. O-O Bxd2 16. Rb3 e5 17. Qg3 Bf4 18. Qf3 Qg5 19. g3 Bg4 20. Qxb7 Qh5 21.
gxf4 Bf3 22. Qb4 Qg4# 0-1

[Event "AUTO-OPEN-2393"]
[Site "http://www.queenalice.com/game.php?id=951617"]
[Date "2011.6.19"]
[Round "1"]
[White "Xeque"]
[Black "esatni"]
[Result "1-0"]
[WhiteElo "2053"]
[BlackElo "1496"]

1. Nf3 d6 2. g3 g6 3. Bg2 Bh6 4. O-O c5 5. d4 b6 6. Bxh6 Nxh6 7. Qc1 Nf5 8. dxc5
bxc5 9. e4 Nd4 10. Nxd4 cxd4 11. c3 dxc3 12. Nxc3 Nc6 13. Qh6 Nb4 14. a3 Nc2 15.
Rac1 Nd4 16. Qg7 Rf8 17. Qxd4 Ba6 18. Rfd1 f5 19. exf5 Rxf5 20. Bh3 Rc8 21. Bxf5
gxf5 22. Nd5 e5 23. Qa4+ Qd7 24. Nf6+ Ke7 25. Qxd7+ Kxf6 26. Rxc8 Bxc8 27. Rxd6+
Kg5 28. Qg7+ Kh5 29. Rh6# 1-0

[Event "AUTO-BEG-487"]
[Site "http://www.queenalice.com/game.php?id=963487"]
[Date "2011.7.22"]
[Round "2"]
[White "fgf2011"]
[Black "esatni"]
[Result "1-0"]
[WhiteElo "1688"]
[BlackElo "1494"]

1. e4 Nf6 2. Nc3 g6 3. d3 Ng8 4. Nf3 Bh6 5. Be2 c6 6. Bd2 Qb6 7. Qc1 Na6 8. Bxh6
Nxh6 9. Rb1 d5 10. Qxh6 Nb4 11. a3 Nxc2+ 12. Kd2 Nd4 13. Qg7 Rf8 14. Nxd4 Qxd4
15. Qxd4 f5 16. exf5 gxf5 17. Qg7 d4 18. Qxd4 Be6 19. Bh5+ Bf7 20. Bxf7+ Kxf7
21. Rbe1 Rad8 22. Qxa7 h5 23. Qxb7 1-0

[Event "AUTO-BEG-487"]
[Site "http://www.queenalice.com/game.php?id=963488"]
[Date "2011.7.22"]
[Round "2"]
[White "esatni"]
[Black "fgf2011"]
[Result "0-1"]
[WhiteElo "1484"]
[BlackElo "1737"]

1. e4 e5 2. Bc4 Nf6 3. Qf3 Be7 4. d3 d6 5. Bg5 h6 6. Bxf6 Bxf6 7. Nc3 c6 8. Qg3
a5 9. Nf3 b5 10. Bb3 a4 11. Bxf7+ Kxf7 12. h4 Be6 13. h5 Rf8 14. Qg6+ Kg8 15. d4
exd4 16. Ne2 Bf7 17. Qg3 Qe7 18. Rd1 Bxa2 19. c3 dxc3 20. bxc3 Re8 21. Rh4 Bxh4
22. Nxh4 Qxe4 23. Qe3 Qxe3 24. fxe3 Rxe3 25. Nf5 Re5 26. Nxd6 Na6 27. g4 Be6 28.
Rd4 Rd8 29. Nxb5 Rxd4 30. Nxd4 Bxg4 31. Nxc6 Rxe2+ 32. Kd1 Re6+ 33. Kc2 Rxc6 34.
Kb2 Nc5 35. Ka3 Bxh5 36. c4 Rb6 37. Ka2 Bf7 0-1

[Event "AUTO-BEG-487"]
[Site "http://www.queenalice.com/game.php?id=963491"]
[Date "2011.7.22"]
[Round "2"]
[White "Narutos"]
[Black "esatni"]
[Result "1-0"]
[WhiteElo "1942"]
[BlackElo "1486"]

1. e4 g6 2. d4 Bh6 3. Bxh6 Nxh6 4. Nf3 Nc6 5. d5 Na5 6. Qd2 b6 7. Nc3 Ng4 8. h3
Nh6 9. Qxh6 e6 10. Ng5 f6 11. Nf3 exd5 12. exd5 Bb7 13. Qg7 Rf8 14. Qxh7 g5 15.
Bd3 c6 16. O-O cxd5 17. Bg6+ Rf7 18. Qxf7# 1-0

[Event "AUTO-BEG-487"]
[Site "http://www.queenalice.com/game.php?id=963492"]
[Date "2011.7.22"]
[Round "2"]
[White "esatni"]
[Black "Narutos"]
[Result "0-1"]
[WhiteElo "1476"]
[BlackElo "1921"]

1. e4 c5 2. Bc4 Nc6 3. Qf3 Ne5 4. Qc3 Nxc4 5. Qxc4 d6 6. Nc3 Nf6 7. d3 h6 8. Nh3
e6 9. Nf4 Be7 10. h4 Bd7 11. b3 a6 12. g3 b5 13. Nxb5 axb5 14. Qc3 O-O 15. h5
Ng4 16. d4 cxd4 17. Qxd4 e5 18. Qd5 exf4 19. Bxf4 Qb6 20. Rf1 Nf6 21. Qd3 Bh3
22. f3 Bxf1 23. Kxf1 Rac8 24. c4 bxc4 25. bxc4 Nxh5 26. Rb1 Qa6 27. Rb5 Nxf4 28.
gxf4 Qxa2 29. f5 Rxc4 30. Qb1 Rc2 31. Qe1 Rh2 0-1

[Event "Torneo Mundial 2"]
[Site "http://www.queenalice.com/game.php?id=963506"]
[Date "2011.7.22"]
[Round "3"]
[White "esatni"]
[Black "mike52"]
[Result "1-0"]
[WhiteElo "1482"]
[BlackElo "1504"]

1. e4 e5 2. Qf3 f6 3. Nh3 a6 4. Bc4 b5 5. Bb3 Ne7 6. Ng5 Ng6 7. g3 h6 8. Nf7 Qe7
9. d4 Qb4+ 10. c3 Qe7 11. dxe5 Nxe5 12. Nxe5 Qxe5 13. Bf4 Qc5 14. O-O d6 15. a4
g5 16. Qh5+ Kd8 17. Be3 Qe5 18. Nd2 Qe7 19. f4 c5 20. fxg5 c4 21. Ba2 Be6 22.
gxf6 Qf7 23. Qxf7 Bxf7 24. Rf5 Bg6 25. Rd5 Nd7 26. Rf1 Bf7 27. Rdf5 h5 28. R1f4
Bh6 29. Rf3 Bxe3+ 30. Rxe3 Nc5 31. b3 cxb3 32. Bxb3 Bxb3 33. Nxb3 Nxb3 34. f7
Kd7 35. c4 bxc4 36. e5 d5 37. e6+ Ke7 38. Rxd5 Rhf8 39. Rd7+ Kf6 40. e7 Rxf7 41.
e8=Q Rxe8 42. Rf3+ Ke6 43. Rfxf7 Nc5 44. Rc7 Nxa4 45. Rf3 Kd6 46. Rxc4 Nb2 47.
Rd4+ Kc5 48. Rd2 Nc4 49. Rf5+ Kb4 50. Ra2 Ne3 51. Rf4+ Kb3 52. Rxa6 Nd5 53. Rf5
Kc4 54. Rxh5 Re1+ 55. Kf2 Rb1 56. Ra5 Rb2+ 57. Kf3 Nf6 58. Rhc5+ Kd4 59. Kf4
Rxh2 60. g4 Rh4 61. Kg5 Rxg4+ 62. Kxf6 Rf4+ 63. Rf5 Rxf5+ 64. Kxf5 Kc4 65. Ke5
1-0

[Event "QA-ANNIV-07"]
[Site "http://www.queenalice.com/game.php?id=992083"]
[Date "2011.10.1"]
[Round "2"]
[White "esatni"]
[Black "Tartcover"]
[Result "0-1"]
[WhiteElo "1536"]
[BlackElo "1682"]

1. e4 e5 2. Bc4 Nf6 3. Qf3 Nc6 4. g4 h6 5. h4 Be7 6. g5 hxg5 7. hxg5 Rxh1 8.
Qxh1 Ng8 9. g6 fxg6 10. Bxg8 Bf8 11. Nf3 d6 12. d4 Nxd4 13. Bg5 Be7 14. Qh8
Nxf3+ 15. Kd1 Nxg5 16. Nd2 Bg4+ 17. f3 Bxf3+ 18. Ke1 Kd7 19. Qxg7 Kc8 20. Qxg6
Bxe4 21. Nxe4 Nxe4 22. Be6+ Kb8 23. Qxe4 Bh4+ 24. Ke2 Qf6 25. Qf5 a5 26. Qxf6
Bxf6 27. Ke3 Ra6 28. Rd1 Rc6 29. Ke4 Rxc2 30. Rb1 b5 31. b3 Rxa2 32. b4 Ra4 33.
Kd5 Rxb4 34. Rxb4 axb4 35. Kc6 e4 36. Kxb5 b3 37. Bxb3 e3 38. Bd1 Kb7 39. Kc4
Bh4 40. Kd3 Bf2 41. Bf3+ Kb6 42. Ke2 c5 43. Kd3 Kb5 44. Be2 d5 45. Kc3+ c4 46.
Bf1 Kc5 47. Be2 d4+ 48. Kc2 d3+ 49. Bxd3 cxd3+ 50. Kxd3 Kd5 51. Ke2 Ke4 52. Kf1
Kd3 53. Kg2 Kd2 54. Kf1 Bh4 0-1

[Event "Torneo Mundial 2"]
[Site "http://www.queenalice.com/game.php?id=992356"]
[Date "2011.10.1"]
[Round "4"]
[White "oldfool"]
[Black "esatni"]
[Result "0-1"]
[WhiteElo "1527"]
[BlackElo "1520"]

1. d4 e6 2. Be3 b6 3. Qd2 c5 4. g3 Nf6 5. Bg5 Ne4 6. Bxd8 Nxd2 7. Nxd2 Kxd8 8.
dxc5 bxc5 9. Nc4 Na6 10. O-O-O Nb4 11. Kb1 d5 12. Ne5 Ke8 13. a3 Na6 14. e3 c4
15. Rd4 g6 16. Ng4 Bc5 17. Rd1 Rb8 18. Ne5 Bxa3 19. Ka2 Bc5 20. Ne2 Nb4+ 21. Ka3
Nxc2+ 22. Ka2 a5 23. Nc6 Nb4+ 24. Nxb4 axb4 25. Nf4 e5 26. Nxd5 Bf5 27. b3 c3
28. Ba6 Kf8 29. Nf6 Ra8 30. Nd7+ Kg7 31. Nxc5 Rhc8 32. Rd5 Rxc5 33. Rxc5 Rxa6+
0-1